000 00430nam a2200133Ia 4500
008 231129s9999||||xx |||||||||||||| ||spa||
020 _a84-7634-569-0
040 _bspa
082 _a946.042 C334br
100 _aCasas Bartolome de las
245 0 _aBrevisima relacion de la destruccion de las Indias : Con un estudio preliminar de Nelson Martinez Diaz
264 _aOrbis
942 _2ddc
_cBKS
999 _c6354
_d6354